Bankové a finančné služby Poštovej banky, a.s. pre hospodársku a obchodnú sféru

Bibliographic Details
Main Author: Celušák, Adam (Author)
Format: Article
Language:Slovak
ISBN:8023302671
Subjects:

MARC

LEADER 00000nab a2200000 a 4500
001 vtls000570678
003 SK-MaSNL
005 20260303013625.0
008 150501c xo 0 slo
015 |a SNBRA19rr/mm-uuuuu 
035 |a CL0570816 
040 |a SNKBUCL  |b slo  |c SNKBUCL  |e AACR2 
041 0 |a slo 
044 |a xo  |c SK 
080 |a 336.722(437.6):656.8  |2 1981 
100 1 |a Celušák, Adam  |4 aut  |9 686778 
245 1 0 |a Bankové a finančné služby Poštovej banky, a.s. pre hospodársku a obchodnú sféru  |c Adam Celušák 
610 2 7 |a Poštová banka  |2 snkbucl  |9 33754 
651 7 |a 5100  |2 snkbucl  |9 166206 
655 7 |a články zo zborníkov  |2 snkbucl  |9 166140 
773 0 |t Medzinárodná konferencia o finančníctve, bankovníctve a poisťovníctve v službách trhovej ekonomiky v Slovenskej republike SLOVAKIAFIB '94  |z 8023302671 
773 0 |d Bratislava : Dom techniky ZSVTS, 1994  |g S. 72-77 
850 |a Slovenská národná knižnica v Martine  |a MTA001 
852 |a SNK  |b KIS3GCP 
958 |a RK 
958 |a SK 
992 |a RZB 
999 |c 1603652  |d 1605582